Contrucción social de la Ciudad (Registro nro. 4125)

Detalles MARC
000 -LEADER
fixed length control field 01011 a2200241 4500
001 - CONTROL NUMBER
control field 46044
005 - DATE AND TIME OF LATEST TRANSACTION
control field 20260407155733.0
008 - FIXED-LENGTH DATA ELEMENTS--GENERAL INFORMATION
fixed length control field 260407a2009 arg spa d
003 - CONTROL NUMBER IDENTIFIER
control field AR-UNSa-BCEJYS
040 ## - CATALOGING SOURCE
Original cataloging agency AR-UNSa-BCEJYS
Language of cataloging spa
Transcribing agency AR-UNSa-BCEJYS
080 ## - UNIVERSAL DECIMAL CLASSIFICATION NUMBER
Universal Decimal Classification number 331.101.264
Common auxiliary subdivision Sectores trabajadores y no trabajadores de la población (clase obrera...)
020 ## - INTERNATIONAL STANDARD BOOK NUMBER
International Standard Book Number 978-950-721-328-1
100 1# - MAIN ENTRY--PERSONAL NAME
Personal name Golovanevsky, Laura
245 10 - TITLE STATEMENT
Title Contrucción social de la Ciudad
264 #1 - PRODUCTION, PUBLICATION, DISTRIBUTION, MANUFACTURE, AND COPYRIGHT NOTICE
Place of production, publication, distribution, manufacture San Salvador de Jujuy :
Name of producer, publisher, distributor, manufacturer Universidad Nacional de Jujuy
Date of production, publication, distribution, manufacture, or copyright notice 2009
300 ## - PHYSICAL DESCRIPTION
Extent 216 p.
Dimensions 22 cm.
505 ## - FORMATTED CONTENTS NOTE
Formatted contents note 1. Provincia de Jujuy - 2. La ciudad de San Salvador de Jujuy - 3. El barrio: Alto Comedero - 4. Alto Comedero 2004: Aspectos socio-económicos - 5. Las ferias en Alto Comedero -
590 ## - LOCAL NOTE (RLIN)
Local note niveau_biblio:m niveau_hierar:0
700 1# - ADDED ENTRY--PERSONAL NAME
Personal name Bergesio, Liliana
700 1# - ADDED ENTRY--PERSONAL NAME
Personal name Marcoleri, María Elena
856 41 - ELECTRONIC LOCATION AND ACCESS
Uniform Resource Identifier <a href="https://www.biblioeco.unsa.edu.ar/pmb/images/libros/L127293.jpg">https://www.biblioeco.unsa.edu.ar/pmb/images/libros/L127293.jpg</a>
Link text Imagen de portada
Electronic format type image/jpeg
942 ## - ADDED ENTRY ELEMENTS (KOHA)
Koha item type
Existencias
Withdrawn status Lost status Damaged status Not for loan Home library Current library Shelving location Date acquired Total checkouts Full call number Barcode Date last seen Price effective from Koha item type
        Biblioteca Prof. Eusebio Cleto del Rey Biblioteca Prof. Eusebio Cleto del Rey   07/04/2026   331.101.264 B495 L127291 07/04/2026 07/04/2026 Libro
        Biblioteca Prof. Eusebio Cleto del Rey Biblioteca Prof. Eusebio Cleto del Rey   07/04/2026   331.101.264 B495 L127292 07/04/2026 07/04/2026 Libro
        Biblioteca Prof. Eusebio Cleto del Rey Biblioteca Prof. Eusebio Cleto del Rey   07/04/2026   331.101.264 B495 L127293 07/04/2026 07/04/2026 Libro